header

Markedness and economy in a derivational model of phonology (Record no. 218660)

MARC details
000 -LEADER
fixed length control field 01475nam a22003614a 4500
082 04 - DEWEY DECIMAL CLASSIFICATION NUMBER
Classification number 414
100 1# - MAIN ENTRY--AUTHOR NAME
Personal name Calabrese, Andrea,
245 10 - TITLE STATEMENT
Title Markedness and economy in a derivational model of phonology
260 ## - PUBLICATION, DISTRIBUTION, ETC. (IMPRINT)
Place of publication Berlin ;
-- New York :
Name of publisher Mouton de Gruyter,
Year of publication c2005.
300 ## - PHYSICAL DESCRIPTION
Number of Pages xii, 532 p. :
Other physical details ill.
490 1# - SERIES STATEMENT
Series statement Studies in generative grammar ;
650 #0 - SUBJECT ADDED ENTRY--TOPICAL TERM
Topical Term Grammar, Comparative and general
Topical Term Markedness (Linguistics)
Topical Term Economy (Linguistics)
Topical Term Distinctive features (Linguistics)
Topical Term Optimality theory (Linguistics)
856 40 - ELECTRONIC LOCATION AND ACCESS
Uniform Resource Identifier http://site.ebrary.com/lib/rucke/Doc?id=10197233

No items available.

© 2026 Rongo University
Contact us: librarian | system librarian | Rongo university